000 00674nam a2200241Ia 4500
003 OSt
005 20220926030334.0
006 a|||||r|||| 00| 0
007 ta
008 220923b |||||||| |||| 00| 0 eng d
037 _cGeneral Book
040 _aRTL
_cRTL
_beng
041 _2eng
_aeng
082 _aX:77, L5
100 _aMitra Ashok
_9101645
245 0 _aGrowth and diseconomies
260 _aPoona
_bG I P E
_c1975
300 _a17p.
_ccm.
500 _aGokhale Institute of politics and Economics, R R Kale memorial lecture
650 _aEconomics Development
942 _hX:77, L5
_cGB
_2CC
999 _c649393
_d649393